000 01727cam a2200469 i 4500
001 zz2005924339
003 NUKAT
005 20260429231643.0
008 050715s1924 pl a g |001 0bpol c
035 _a(OCoLC)69480382
035 _a(NUKAT)zz2005924339
040 _aLUBL M/mm
_cLUBL M/mm
_dLUBL M/JD
_dLUBL U/ILs
045 2 _bd1861
_bd1863
046 _k1924
100 1 _aMierosławski, Ludwik
_d(1814-1878).
_912502
245 1 0 _aPamiętnik Mierosławskiego (1861-1863) /
_cwydał Józef Frejlich.
260 _aWarszawa :
_bInstytut Wydawniczy "Bibljoteka Polska",
_c1924 (Bydgoszcz :
_fZakłady Graficzne Instytutu Wydawniczego "Bibljoteka Polska").
300 _a[4], V, [1], 214, [1] s., [1] k. tabl. :
_bil. ;
_c23 cm.
336 _aTekst
_btxt
_2rdacontent
337 _aBez urządzenia pośredniczącego
_bn
_2rdamedia
338 _aWolumin
_bnc
_2rdacarrier
380 _aKsiążki
380 _aLiteratura faktu, eseje, publicystyka
386 _mPrzynależność kulturowa
_aLiteratura polska
388 1 _a1901-2000
388 1 _a1918-1939
490 1 _aCzasy i Ludzie
504 _aIndeks.
600 1 7 _aMierosławski, Ludwik
_d(1814-1878)
_2DBN
_938692
600 1 7 _aMierosławski, Ludwik
_d(1814-1878)
_vpamiętniki.
_2kaba
_940957
648 7 _a1801-1900
_2DBN
_936037
650 7 _aDowódcy
_2DBN
_939509
650 7 _aPolitycy
_2DBN
_936070
650 7 _aPowstanie styczniowe (1863-1864)
_2DBN
_935768
650 7 _aWojsko
_2DBN
_935355
655 7 _aPamiętniki i wspomnienia
_2DBN
_935005
658 _aBezpieczeństwo i wojskowość
658 _aHistoria
700 1 _aFrejlich, Józef
_d(1884-1976).
_eWyd.
_940406
830 0 _aCzasy i Ludzie (Warszawa)
_915093
942 _2ddc
_cBK_NM
999 _c27889
_d27889